000 00286nam a22001337a 4500
008 170420b xxu||||| |||| 00| 0 eng d
020 _a0716714485
041 _aeng
080 _a573
100 _a11
101 _aSHM
245 _aMOLECULAR CELL BIOLOGY
_cDARNELL
942 _2udc
_cBK
999 _c11341
_d11341